000 00712nam a2200241Ia 4500
001 15154
003 GE_BSU
008 181216s||||||||xx |||||||||||||| ||und||
040 _cGE_BSU
080 _a821.353.1-32
100 _aმგალობლიშვილი,სოფრომ
245 _aჯორ-ზაქარა
245 _bმოთხრობა
245 _cრედ.ეკ.მთვრალაშვილი
260 _aთბილისი
260 _bცოდნა
260 _c1959
300 _a106გვ.22სმ.
300 _eდანართი გვ.85-105
653 _aმოთხრობა
653 _aჯორ-ზაქარა
942 _cBK
999 _c48269
_d48269